000 00288nam a22001337a 4500
008 180924b xxu||||| |||| 00| 0 eng d
020 _a9780810849242
041 _aeng
080 _a610
100 _a3
101 _aSHM
245 _aOrgan Tranplants
_cSchwartz, T.P
942 _2udc
_cBK
999 _c48404
_d48404